000 00558nam a2200217Ia 4500
003 OSt
005 20220928143524.0
006 a|||||r|||| 00| 0
007 ta
008 220927b |||||||| |||| 00| 0 eng d
024 _a22357
037 _cTextual
040 _aSDCL
_cSDCL
_beng
041 _2eng
_aeng
082 _aQ:332.677'N6, L3
100 _aGilsenan Michael
_9505601
245 0 _aSainth and Sufi in modern Egypt.
260 _c1973
942 _hQ:332.677'N6, L3
_cTEXL
_2CC
999 _c824351
_d824351